000
00318nam a2200133Ia 4500
008
240624s9999 xx 000 0 und d
041
_a
eng
082
_a
823 FAI
100
_a
FAIYAZ AHMED
245
_a
DOWN THE ROAD
260
_c
2011
_a
Bangalore
_b
Grey Oak Publishers
300
_a
vi, : 225 : p.
365
_c
RS
_b
25
999
_c
22218
_d
22218